000 00411nam a2200157Ia 4500
008 160316s1973 xxu||||| |||| 00| 0 eng d
082 _a341.481000
_bLAU
100 _aLauterpacht Hersch
245 _aInternational law and human rights
250 _a
260 _aNew york
_bGarland Publishing Inc.
_c1973
300 _a475
_b
_c
365 _b
650 _a1.International Law - Human Rights
700 _a
_a
999 _c9501
_d9501